Top 15 Biggest UK Cities or Towns beginning with........C - Statistics

General Stats
  • This quiz has been taken 331 times
  • The average score is 7 of 15
Answer Stats
Hint Answer % Correct
1 Cardiff
92%
7 Chester
85%
3 Colchester
85%
10 Carlisle
69%
2 Coventry
68%
4 Chelmsford
65%
5 Cambridge
63%
8 Cheltenham
50%
6 Chesterfield
49%
12 Crewe
36%
9 Crawley
33%
15 Corby
17%
11 Chatham
16%
13 Cannock
7%
14 Craigavon
5%
No matching quizzes found
Score Distribution
Percent of People with Each Score
Percentile by Number Answered
Your Score History
You have not taken this quiz